000 00453nam a2200205Ia 4500
001 13649
003 GE_BSU
008 181216s||||||||xx |||||||||||||| ||und||
020 _a9781847560063
040 _cGE_BSU
080 _a821.111-3
100 _aFleming,Leah.
245 4 _aThe girt from world's end.
260 _aLondon.
260 _bAvon.
260 _c2007
300 _a440p;18cm.
653 _aThe girt from world's end.
942 _cBK
999 _c46800
_d46800